000
00287nam a2200109Ia 4500
008
200302s9999 xx 000 0 und d
100
_a
Eckhard Feddersen and Other
245
_a
A Design Manual Living for the Elderly
260
_b
Birkhauser Verlag Ag
260
_c
2009
300
_a
247 P.,
999
_c
3071
_d
3071